000
00334nam a2200133Ia 4500
008
231017s9999 xx 000 0 und d
082
_a
388.1099
082
_b
CRI
245
0
_a
Further testing and simulation of hay bale loading on semi-trailers
245
0
_c
Australia
260
_b
Australia
300
_c
30cm
942
_c
REP
999
_c
605385
_d
605385